| 000 | 01192nam a22002537i 4500 | ||
|---|---|---|---|
| 999 |
_c23044 _d23044 |
||
| 003 | AR-CdUCM | ||
| 008 | 240913b20192019 pea|||| |||| 00| 0 spa d | ||
| 020 | _a978-612-4266-45-4 | ||
| 040 |
_aMUNICIPALIDAD PROVINCIAL DEL CUSCO _cBIBLIOTECA MUNICIPAL DEL CUSCO |
||
| 041 | _hspa | ||
| 082 |
_2Primera edición _a613.2086 / A16 _bA16 |
||
| 100 |
_aAbu-Sabbbah, Sara _950412 |
||
| 245 |
_aLoncheras saludables para la vuelta a clases : _b70 Recetas balanceadas y nutritivas fáciles de preparar / |
||
| 260 |
_aLima-Perú : _bPenguin Random House Grupo Editorial S.A. _c2019 |
||
| 300 |
_a187 páginas. : _b23.5 cm. |
||
| 505 | _aPresentación -- ¿Qué es una lonchera? -- ¿Por qué armar una lonchera de manera consciente? -- La lonchera: ¿Qué debe tener (cantidad, porciones, combinaciones)? -- ¿Qué debemos considerar cuando armamos una lonchera? -- Errores comunes al armar una lonchera -- Casos particulares -- Recetas | ||
| 650 |
_aLonchera infantil _950413 |
||
| 650 |
_aRecetario de comidas _950414 |
||
| 650 |
_aComida saludable _950415 |
||
| 650 |
_aArmar una lonchera _950416 |
||
| 650 |
_aAlimentos balanceados _950417 |
||
| 942 |
_2ddc _cLIBROS |
||
| 945 |
_apbj _d2024-09-13 |
||